| 000 | 00928nam a2200289 i 4500 | ||
|---|---|---|---|
| 003 | EG-GICUC | ||
| 005 | 20260429212300.0 | ||
| 008 | 260429s1963 fr |||fr|||| 00| 0 fre d | ||
| 040 |
_aEG-GiCUC _bfre _cEG-GiCUC _dEG-GiCUC _eRda |
||
| 082 | 0 | 4 |
_221 _a343.124 _bSR . P |
| 092 | 0 | 4 | _221 |
| 099 | _aLaw1 10 343.124 SR . P 1963 | ||
| 100 | 1 |
_aSramatica, Filippo _eAuteur |
|
| 245 | 1 | 0 |
_aPrincipes Le Défense Sociale / _cSramatica Filippo, Préfice De Marc Ancel. |
| 264 | 1 |
_aParis : _bCugas, _c1963. |
|
| 300 |
_aIi - Viii, 312 page ; _c 24 cm. |
||
| 336 |
_2rda contenu _a texte |
||
| 337 |
_2rda medias _aOrdinateur |
||
| 338 |
_2 transporteur rda _a Ressource en ligne |
||
| 650 | 1 |
_aDéfense Légitime _2qrmak |
|
| 650 | 1 |
_aDroit De Pénal _2qrmak |
|
| 651 | 1 | _2qrmak | |
| 700 | 1 |
_aAncel, Marc _ePréfacier |
|
| 856 | 4 | 0 | _uhttps://fll.law.cu.edu.eg/fulltext/bks/B10-10387.pdf |
| 905 | _a54 | ||
| 942 |
_2ddc _cBK _e21 _n0 |
||
| 999 |
_c74355 _d74355 |
||